| 000 | 00000nam 2200000za 4500 |
| 001 | 9.643465 |
| 003 | CaOODSP |
| 005 | 20221107134349 |
| 007 | cr ||||||||||| |
| 008 | 150407s1958||||xxca||||o f000 0 fre d |
| 040 | |aCaOODSP|bfre |
| 043 | |an-cn--- |
| 086 | 1 |aA43-953/1958F-PDF |
| 100 | 1 |aHowatt, J. L. |
| 245 | 13|aLa gale commune de la pomme de terre |h[ressource électronique] / |cJ.L. Howatt et J.E. Campbell. |
| 260 | |aOttawa : |bMinistère de l'agriculture du Canada, |c1958. |
| 300 | |a3 p. : |bill. |
| 500 | |a« Août 1958 ». |
| 500 | |a« Révision du feuillet no 134 N.S. par D.J. MacLeod et R.R. Hurst. »--p. [1]. |
| 500 | |aPublication historique numérisée par Agriculture et Agroalimentaire Canada. |
| 590 | |a15-01-Supp|b2015-01-26 |
| 691 | 07|aMaladie des plantes|2gcpds |
| 691 | 07|aPomme de terre|2gcpds |
| 700 | 1 |aCampbell, J. E. |
| 710 | 1 |aCanada. |bMinistère de l'agriculture. |
| 794 | |tGale commune de la pomme de terre |w(CaOODSP)9.641902 |
| 856 | 40|ahttp://publications.gc.ca|qPDF|s390 Ko|uhttps://publications.gc.ca/collections/collection_2014/aac-aafc/agrhist/A43-953-1958-fra.pdf |
| 986 | |aPublication 953 |